[Event "CZE-chT1E 2223"]
[Site "Czech Republic"]
[Date "2023.04.02"]
[Round "11.1"]
[White "Walica, Roman"]
[Black "Vantuch, Lucian"]
[Result "1/2-1/2"]
[WhiteElo "2099"]
[BlackElo "2065"]
[PlyCount "63"]
[EventDate "2022.10.08"]
[EventType "team-tourn"]
[EventRounds "11"]
[EventCountry "CZE"]
[SourceTitle "EXT 2024"]
[Source "ChessBase"]
[SourceDate "2023.10.10"]
[SourceVersion "1"]
[SourceVersionDate "2023.10.10"]
[SourceQuality "1"]
[WhiteTeam "Orlova Slavia"]
[BlackTeam "Frydek Mistek II"]
[WhiteTeamCountry "CZE"]
[BlackTeamCountry "CZE"]

1. e4 c5 2. Nf3 e6 3. c4 Nc6 4. Nc3 Nf6 5. d4 cxd4 6. Nxd4 Bb4 7. Nxc6 dxc6 8. Qxd8+ Kxd8 9. Bg5 h6 10. 0-0-0+ Ke7 11. Bxf6+ Kxf6 12. Kc2 e5 13. Be2 Be6 14. g3 Bc5 15. f4 Bd4 16. f5 Bd7 17. Rhf1 Rad8 18. Rd3 Bc8 19. Rfd1 Ke7 20. Bf3 Bc5 21. Ne2 Rxd3 22. Rxd3 Rd8 23. a3 Rxd3 24. Kxd3 a5 25. Kc3 b5 26. b4 axb4+ 27. axb4 Bf2 28. cxb5 cxb5 29. Kb3 Bd7 30. Nc3 Bg1 31. h3 Bd4 32. Be2 1/2-1/2

[Event "CZE-chT1E 2223"]
[Site "Czech Republic"]
[Date "2022.11.27"]
[Round "4.1"]
[White "Walica, Roman"]
[Black "Zdrazil, Tomas"]
[Result "0-1"]
[WhiteElo "2099"]
[BlackElo "2106"]
[PlyCount "86"]
[EventDate "2022.10.08"]
[EventType "team-tourn"]
[EventRounds "11"]
[EventCountry "CZE"]
[SourceTitle "CBM 213 Extra"]
[Source "ChessBase"]
[SourceDate "2023.05.31"]
[SourceVersion "1"]
[SourceVersionDate "2023.05.31"]
[SourceQuality "1"]
[WhiteTeam "Orlova Slavia"]
[BlackTeam "Jundrov Jezdci"]
[WhiteTeamCountry "CZE"]
[BlackTeamCountry "CZE"]

1. e4 c5 2. Nf3 d6 3. d4 cxd4 4. Nxd4 Nf6 5. Nc3 a6 6. f3 e5 7. Nb3 Be6 8. Be3 Be7 9. Qd2 0-0 10. 0-0-0 Nbd7 11. g4 b5 12. g5 Nh5 13. Kb1 Nb6 14. Rg1 Nc4 15. Bxc4 bxc4 16. Nc1 Rb8 17. N1e2 Qc7 18. Qe1 Qb7 19. Bc1 Rfc8 20. Nd5 Bxd5 21. Rxd5 c3 22. b3 Rc6 23. Nxc3 Rbc8 24. Rd3 Bd8 25. Na4 Rc4 26. Bb2 Rxc2 27. Rxd6 Be7 28. Rd2 Bb4 29. Rxc2 Bxe1 30. Rxc8+ Qxc8 31. Rxe1 f6 32. Nb6 Qc5 33. Nd5 Qf2 34. Rc1 Qxf3 35. Rc4 Qh1+ 36. Bc1 Kf7 37. Rc7+ Ke8 38. Rc8+ Kd7 39. Rc4 Nf4 40. gxf6 Nxd5 41. exd5 gxf6 42. Rc2 f5 43. Kb2 f4 0-1

[Event "CZE-chT2F 2223"]
[Site "Czech Republic"]
[Date "2022.11.06"]
[Round "2"]
[White "Vrubl, Jaroslav"]
[Black "Walica, Roman"]
[Result "1/2-1/2"]
[WhiteElo "2089"]
[BlackElo "2089"]
[PlyCount "84"]
[EventDate "2022.10.16"]
[EventType "team-tourn"]
[EventRounds "11"]
[EventCountry "CZE"]
[SourceTitle "EXT 2024"]
[Source "ChessBase"]
[SourceDate "2023.10.10"]
[SourceVersion "1"]
[SourceVersionDate "2023.10.10"]
[SourceQuality "1"]
[WhiteTeam "Koprivnice Tatra"]
[BlackTeam "Orlova Slavia II"]
[WhiteTeamCountry "CZE"]
[BlackTeamCountry "CZE"]

1. e4 e5 2. Nf3 Nc6 3. Bc4 Bc5 4. c3 Nf6 5. d4 exd4 6. cxd4 Bb4+ 7. Bd2 Bxd2+ 8. Nbxd2 d5 9. exd5 Nxd5 10. Qb3 Nce7 11. 0-0 0-0 12. a4 c6 13. a5 Rb8 14. Ne5 Bf5 15. Rfe1 Qd6 16. Ne4 Bxe4 17. Rxe4 g6 18. Rae1 Kg7 19. Qf3 Rbd8 20. Qb3 Rb8 21. Qa4 Nf6 22. R4e2 Nf5 23. Nf3 Nxd4 24. Nxd4 Qxd4 25. Qb3 b5 26. axb6 axb6 27. Re7 Ng4 28. R1e2 Nh6 29. R2e4 Qf6 30. R4e6 Qd4 31. Rxc6 Rbc8 32. Rxc8 Rxc8 33. Bf1 Rc1 34. Rb7 b5 35. Qxb5 Ng4 36. Qe2 Rd1 37. h3 Rd2 38. Qxg4 Qxf2+ 39. Kh2 Qxf1 40. Rd7 Rxd7 41. Qxd7 Qf4+ 42. Kh1 Qc1+ 1/2-1/2

[Event "Pardubice Czech op-E 33rd"]
[Site "Pardubice"]
[Date "2022.07.16"]
[Round "4.4"]
[White "Flasar, Jaroslav"]
[Black "Walica, Roman"]
[Result "0-1"]
[WhiteElo "2044"]
[BlackElo "2123"]
[PlyCount "84"]
[EventDate "2022.07.14"]
[EventType "team-swiss"]
[EventRounds "7"]
[EventCountry "CZE"]
[SourceTitle "CBM 209 Extra"]
[Source "ChessBase"]
[SourceDate "2022.09.30"]
[SourceVersion "1"]
[SourceVersionDate "2022.09.30"]
[SourceQuality "1"]
[WhiteTeam "Lipa"]
[BlackTeam "Orlova Slavia II"]
[WhiteTeamCountry "CZE"]
[BlackTeamCountry "CZE"]

1. e4 e5 2. Nf3 Nc6 3. d4 exd4 4. Bc4 Nf6 5. e5 d5 6. Bb5 Ne4 7. Nxd4 Bc5 8. Be3 Bd7 9. Bxc6 bxc6 10. 0-0 0-0 11. f3 Ng5 12. Kh1 Bb6 13. Nd2 c5 14. N4b3 d4 15. Bf2 Ne6 16. Ne4 Bc6 17. Nbd2 Nf4 18. Bg3 Nd5 19. Qe2 Qd7 20. c4 Ne3 21. Rfc1 a5 22. Bf2 Nf5 23. f4 Rae8 24. Qd3 f6 25. Nf3 Nh6 26. Re1 Qf5 27. Bg3 Ng4 28. Nxc5 fxe5 29. Qa3 e4 30. Nxd4 Bxc5 31. Nxf5 Bxa3 32. Nd4 Bxb2 33. Nxc6 Bxa1 34. Rxa1 e3 35. Re1 Nf2+ 36. Kg1 Nd3 37. Rd1 Nxf4 38. Re1 Nd3 39. Re2 Re4 40. Nxa5 Nf4 41. Rb2 e2 42. Rb1 Nd3 0-1

[Event "Pardubice Czech op-E 33rd"]
[Site "Pardubice"]
[Date "2022.07.15"]
[Round "3.4"]
[White "Walica, Roman"]
[Black "Pisk, Petr"]
[Result "0-1"]
[WhiteElo "2123"]
[BlackElo "2329"]
[PlyCount "50"]
[EventDate "2022.07.14"]
[EventType "team-swiss"]
[EventRounds "7"]
[EventCountry "CZE"]
[SourceTitle "CBM 209 Extra"]
[Source "ChessBase"]
[SourceDate "2022.09.30"]
[SourceVersion "1"]
[SourceVersionDate "2022.09.30"]
[SourceQuality "1"]
[WhiteTeam "Orlova Slavia II"]
[BlackTeam "Brno Moravska Slavia"]
[WhiteTeamCountry "CZE"]
[BlackTeamCountry "CZE"]

1. e4 c5 2. Nf3 Nc6 3. c4 d6 4. d4 Bg4 5. d5 Nd4 6. Be2 Bxf3 7. Bxf3 g6 8. Nc3 Bg7 9. 0-0 Nf6 10. Bg4 Nxg4 11. Qxg4 Qd7 12. Qd1 0-0 13. a4 Rfb8 14. Ra3 a6 15. a5 b5 16. axb6 Rxb6 17. f4 f5 18. e5 Rb4 19. Na4 Rab8 20. Bd2 Rxc4 21. Bc3 dxe5 22. fxe5 Qxd5 23. b3 Rxc3 24. Nxc3 Qxe5 25. Rxa6 Qe3+ 0-1

[Event "CZE-chT1E 2122"]
[Site "Czech Republic"]
[Date "2022.02.20"]
[Round "9.8"]
[White "Bazanowski, Stanislav"]
[Black "Walica, Roman"]
[Result "0-1"]
[WhiteElo "1649"]
[BlackElo "2087"]
[PlyCount "70"]
[EventDate "2021.10.09"]
[EventType "team-tourn"]
[EventRounds "11"]
[EventCountry "CZE"]
[SourceTitle "EXT 2023"]
[Source "ChessBase"]
[SourceDate "2022.10.05"]
[SourceVersion "1"]
[SourceVersionDate "2022.10.05"]
[SourceQuality "1"]
[WhiteTeam "Cesky Tesin"]
[BlackTeam "Orlova Slavia"]
[WhiteTeamCountry "CZE"]
[BlackTeamCountry "CZE"]

1. d4 Nf6 2. c4 e6 3. g3 d5 4. c5 b6 5. b4 a5 6. Bd2 axb4 7. Bxb4 Na6 8. Ba3 bxc5 9. e3 c4 10. Bxf8 Kxf8 11. Ne2 Qd6 12. Bg2 Bd7 13. 0-0 Ke7 14. Nbc3 Rhb8 15. Qd2 Qa3 16. Rfb1 c6 17. f3 Nc7 18. Rxb8 Rxb8 19. Rb1 Nb5 20. Bf1 Ne8 21. Qb2 Ra8 22. Qb4+ Qxb4 23. Rxb4 Ra3 24. Nxb5 cxb5 25. Kf2 Rxa2 26. e4 Nc7 27. e5 Na6 28. Rb1 b4 29. Ke3 Ba4 30. h4 Bc2 31. Rc1 Ra3+ 32. Kd2 Bd3 33. Nf4 Bxf1 34. Rxf1 Ra2+ 35. Ke3 b3 0-1

[Event "CZE-chT1E 2122"]
[Site "Czech Republic"]
[Date "2022.01.22"]
[Round "6.6"]
[White "Vala, Filip"]
[Black "Walica, Roman"]
[Result "1-0"]
[WhiteElo "2158"]
[BlackElo "2087"]
[PlyCount "113"]
[EventDate "2021.10.09"]
[EventType "team-tourn"]
[EventRounds "11"]
[EventCountry "CZE"]
[SourceTitle "EXT 2023"]
[Source "ChessBase"]
[SourceDate "2022.10.05"]
[SourceVersion "1"]
[SourceVersionDate "2022.10.05"]
[SourceQuality "1"]
[WhiteTeam "Chotebor"]
[BlackTeam "Orlova Slavia"]
[WhiteTeamCountry "CZE"]
[BlackTeamCountry "CZE"]

1. d4 Nf6 2. Nf3 e6 3. c4 d5 4. Nc3 c5 5. cxd5 Nxd5 6. e4 Nxc3 7. bxc3 Be7 8. Bb5+ Bd7 9. Bd3 b5 10. 0-0 0-0 11. Ne5 Be8 12. Be3 c4 13. Bc2 f6 14. Nf3 a5 15. Qe2 Qc7 16. d5 e5 17. Nh4 g6 18. Qg4 Kh8 19. f4 Nd7 20. Qh3 Kg7 21. Kh1 Kg8 22. Qe6+ Rf7 23. Qg4 Rg7 24. fxe5 Nxe5 25. Qg3 Kh8 26. Bf4 Bd6 27. Nf3 Ra6 28. Nd4 g5 29. Be3 Nc6 30. Qg4 Nxd4 31. Bxd4 Bd7 32. Qf3 Be5 33. Rad1 Qd6 34. Qh5 Rg6 35. Qf3 Rh6 36. Bxe5 Qxe5 37. g3 Rd6 38. Qe3 Kg7 39. Rd2 Rh3 40. Bd1 f5 41. Qxg5+ Rg6 42. Qd8 Qxe4+ 43. Bf3 Qe8 44. Qxe8 Bxe8 45. d6 Bd7 46. Re1 Rgxg3 47. Re7+ Kf6 48. Bg2 Rd3 49. Rxd7 Rxd2 50. Bxh3 Rd3 51. Bf1 Rxc3 52. Rb7 b4 53. Rb5 Rc1 54. Kg2 Rc2+ 55. Kf3 Rxa2 56. Rd5 Ke6 57. d7 1-0

[Event "CZE-chT1E 1920"]
[Site "Czech Republic"]
[Date "2020.06.14"]
[Round "11.7"]
[White "Parak, Dominik"]
[Black "Walica, Roman"]
[Result "1-0"]
[WhiteElo "2077"]
[BlackElo "2086"]
[PlyCount "73"]
[EventDate "2019.10.20"]
[EventType "team-tourn"]
[EventRounds "11"]
[EventCountry "CZE"]
[SourceTitle "EXT 2021"]
[Source "ChessBase"]
[SourceDate "2020.10.23"]
[SourceVersion "1"]
[SourceVersionDate "2020.10.23"]
[SourceQuality "1"]
[WhiteTeam "Vsetin"]
[BlackTeam "Orlova Slavia"]
[WhiteTeamCountry "CZE"]
[BlackTeamCountry "CZE"]

1. e4 e5 2. Nf3 Nc6 3. Bb5 a6 4. Ba4 Nf6 5. d4 exd4 6. 0-0 Be7 7. e5 Ne4 8. Nxd4 Nxd4 9. Qxd4 Nc5 10. Nc3 0-0 11. Nd5 b6 12. Rd1 Bb7 13. Bb3 Re8 14. Qg4 Kh8 15. Bf4 Ne6 16. Bg3 Bc6 17. c3 a5 18. Bc2 g6 19. f4 h5 20. Qf3 Bc5+ 21. Kh1 Ng7 22. Be4 Rc8 23. Rd2 Bxd5 24. Rxd5 Qe7 25. a3 c6 26. Rd2 Qe6 27. Rad1 Rc7 28. Bb1 Kg8 29. Bf2 Bxf2 30. Qxf2 Rb8 31. Rd6 Qe7 32. Ba2 c5 33. Rxg6 c4 34. Rxb6 Rd8 35. Bb1 Kf8 36. Rh6 Rc6 37. Rh8# 1-0

[Event "CZE-chT1E 1920"]
[Site "Czech Republic"]
[Date "2019.11.10"]
[Round "2.3"]
[White "Walica, Roman"]
[Black "Frank, Adam"]
[Result "0-1"]
[WhiteElo "2086"]
[BlackElo "2059"]
[PlyCount "54"]
[EventDate "2019.10.20"]
[EventType "team-tourn"]
[EventRounds "11"]
[EventCountry "CZE"]
[SourceTitle "CBM 193 Extra"]
[Source "ChessBase"]
[SourceDate "2020.01.31"]
[SourceVersion "1"]
[SourceVersionDate "2020.01.31"]
[SourceQuality "1"]
[WhiteTeam "Orlova Slavia"]
[BlackTeam "Frydek Mistek II"]
[WhiteTeamCountry "CZE"]
[BlackTeamCountry "CZE"]

1. e4 d6 2. d4 Nf6 3. Nc3 g6 4. Be2 a6 5. f4 Bg7 6. a4 0-0 7. Nf3 b6 8. 0-0 Bb7 9. e5 Nd5 10. Nxd5 Bxd5 11. Ra3 Nd7 12. c4 Bb7 13. e6 fxe6 14. Ng5 Rf6 15. Bg4 Nf8 16. Re1 c5 17. dxc5 bxc5 18. Bxe6+ Nxe6 19. Rxe6 Qd7 20. Rae3 Re8 21. Qe2 Rxf4 22. Rh3 Bd4+ 23. Be3 Qxa4 24. Bxd4 Qa1+ 25. Qe1 Qxe1+ 26. Rxe1 Rxd4 27. Ne6 Rxc4 0-1

[Event "Orlova op 13th"]
[Site "Orlova"]
[Date "2016.05.24"]
[Round "4"]
[White "Walica, Roman"]
[Black "Olsar, Jaroslav"]
[Result "0-1"]
[WhiteElo "2038"]
[BlackElo "2221"]
[PlyCount "102"]
[EventDate "2016.05.21"]
[EventType "swiss"]
[EventRounds "9"]
[EventCountry "CZE"]
[SourceTitle "EXT 2017"]
[Source "ChessBase"]
[SourceDate "2016.10.25"]
[SourceVersion "1"]
[SourceVersionDate "2016.10.25"]
[SourceQuality "1"]

1. e4 e5 2. Nf3 Nc6 3. Bc4 Nf6 4. d4 exd4 5. e5 d5 6. Bb5 Ne4 7. Nxd4 Bd7 8. Bxc6 bxc6 9. Be3 Bc5 10. 0-0 Bb6 11. f3 Ng5 12. f4 Ne4 13. Nd2 Nxd2 14. Qxd2 c5 15. Nf3 Bf5 16. c3 0-0 17. Rad1 c6 18. Bf2 h6 19. Rfe1 Re8 20. h3 Qc8 21. Kh2 Be4 22. Qe2 Qf5 23. g3 Rad8 24. Nh4 Qe6 25. Be3 c4 26. Bxb6 axb6 27. Qf2 c5 28. Ng2 Rd7 29. Ne3 Bd3 30. f5 Qc6 31. Qf4 Qc7 32. Ng4 Kh7 33. h4 f6 34. exf6 Qxf4 35. gxf4 Rxe1 36. Rxe1 Bxf5 37. Ne5 Rd6 38. fxg7 Kxg7 39. Rg1+ Kf8 40. h5 b5 41. Kg3 d4 42. cxd4 cxd4 43. Rd1 Ra6 44. Rxd4 Rxa2 45. Rd6 Kg7 46. Rb6 Rxb2 47. Rb7+ Kf6 48. Ng4+ Bxg4 49. Kxg4 c3 50. Rb6+ Ke7 51. Rxh6 Rb4 0-1

[Event "Orlova op 13th"]
[Site "Orlova"]
[Date "2016.05.22"]
[Round "2"]
[White "Walica, Roman"]
[Black "Neumann, Filip"]
[Result "1-0"]
[WhiteElo "2038"]
[BlackElo "1751"]
[PlyCount "63"]
[EventDate "2016.05.21"]
[EventType "swiss"]
[EventRounds "9"]
[EventCountry "CZE"]
[SourceTitle "EXT 2017"]
[Source "ChessBase"]
[SourceDate "2016.10.25"]
[SourceVersion "1"]
[SourceVersionDate "2016.10.25"]
[SourceQuality "1"]

1. b3 c5 2. Bb2 Nc6 3. f4 Nf6 4. Nf3 e6 5. e3 Be7 6. Be2 0-0 7. 0-0 Ne4 8. d3 Bf6 9. c3 Nd6 10. e4 e5 11. fxe5 Nxe5 12. Nxe5 Bxe5 13. d4 Bxh2+ 14. Kxh2 Qh4+ 15. Kg1 Nxe4 16. Qe1 Ng3 17. Nd2 Re8 18. Bc4 Rxe1 19. Raxe1 Qd8 20. Bxf7+ Kf8 21. Rf3 Nf5 22. Re8+ Qxe8 23. Bxe8 g6 24. g4 Kxe8 25. gxf5 gxf5 26. Rxf5 cxd4 27. cxd4 a5 28. Nc4 a4 29. Nb6 Ra6 30. Nxc8 axb3 31. axb3 Rc6 32. Ba3 1-0

[Event "Pobeskydy op"]
[Site "Frydek Mistek"]
[Date "2016.03.28"]
[Round "9"]
[White "Kuchar, Matej"]
[Black "Walica, Roman"]
[Result "1-0"]
[WhiteElo "2062"]
[BlackElo "1908"]
[PlyCount "59"]
[EventDate "2016.03.24"]
[EventType "swiss"]
[EventRounds "9"]
[EventCountry "CZE"]
[SourceTitle "CBM 171 Extra"]
[Source "ChessBase"]
[SourceDate "2016.04.26"]
[SourceVersion "1"]
[SourceVersionDate "2016.04.26"]
[SourceQuality "1"]

1. e4 e5 2. Nf3 Nc6 3. d4 exd4 4. Nxd4 Bc5 5. Nb3 Bb6 6. Nc3 d6 7. Qe2 Be6 8. Be3 Bxe3 9. Qxe3 Nge7 10. 0-0-0 a5 11. a4 0-0 12. Kb1 Nb4 13. f4 Nec6 14. Nc5 Bg4 15. Be2 Bxe2 16. Qxe2 Qe7 17. Nb3 Rfe8 18. Qf3 b6 19. h4 Rad8 20. h5 Qf6 21. g4 h6 22. Qg3 Qe6 23. Qg2 Qf6 24. Rdf1 Nd4 25. g5 hxg5 26. fxg5 Qe5 27. Qf2 Ndxc2 28. Qxf7+ Kh8 29. g6 Qe7 30. h6 1-0

[Event "Pobeskydy op"]
[Site "Frydek Mistek"]
[Date "2016.03.25"]
[Round "4"]
[White "Walica, Roman"]
[Black "Novotny, Josef1111"]
[Result "0-1"]
[WhiteElo "1908"]
[BlackElo "2113"]
[PlyCount "108"]
[EventDate "2016.03.24"]
[EventType "swiss"]
[EventRounds "9"]
[EventCountry "CZE"]
[SourceTitle "CBM 171 Extra"]
[Source "ChessBase"]
[SourceDate "2016.04.26"]
[SourceVersion "1"]
[SourceVersionDate "2016.04.26"]
[SourceQuality "1"]

1. e4 e6 2. d4 d6 3. f4 g6 4. Nf3 Nh6 5. Bd3 Bg7 6. c3 Nc6 7. 0-0 f6 8. Nbd2 Ne7 9. Nb3 Bd7 10. Bd2 c6 11. Qc2 Qc7 12. Nc1 c5 13. b3 cxd4 14. Nxd4 Qb6 15. Be3 Ng4 16. Bf2 Nxf2 17. Qxf2 Nc6 18. Nce2 f5 19. exf5 gxf5 20. Rae1 0-0 21. Bc4 d5 22. Bb5 Rf7 23. Bxc6 bxc6 24. Nf3 Qxf2+ 25. Kxf2 c5 26. Rd1 Bb5 27. Rfe1 Re8 28. a4 Bc6 29. Ne5 Bxe5 30. fxe5 Rb7 31. Nc1 Rg7 32. Nd3 c4 33. bxc4 dxc4 34. Nf4 Bxa4 35. Nh5 Bxd1 36. Nxg7 Kxg7 37. Rxd1 Kg6 38. Ke3 Rb8 39. Rd6 Rb2 40. Rxe6+ Kg5 41. Re7 f4+ 42. Kd4 Rd2+ 43. Kxc4 Kf5 44. Rxa7 Kxe5 45. Rxh7 Rxg2 46. Kd3 Kf5 47. c4 Ra2 48. h3 Ra1 49. c5 Rd1+ 50. Ke2 Rc1 51. Kd2 Rc4 52. Kd3 Rc1 53. Rh5+ Kg6 54. Kd2 f3 0-1

[Event "Karvina op"]
[Site "Karvina"]
[Date "2015.07.04"]
[Round "8"]
[White "Walica, Roman"]
[Black "Zimniok, Lubomir"]
[Result "1-0"]
[WhiteElo "1900"]
[BlackElo "2137"]
[PlyCount "103"]
[EventDate "2015.06.27"]
[EventType "swiss"]
[EventRounds "9"]
[EventCountry "CZE"]
[SourceTitle "CBM 167 Extra"]
[Source "ChessBase"]
[SourceDate "2015.09.14"]
[SourceVersion "1"]
[SourceVersionDate "2015.09.14"]
[SourceQuality "1"]

1. b3 Nf6 2. Bb2 d6 3. f4 c6 4. Nf3 Bg4 5. e3 Nbd7 6. Be2 Qc7 7. 0-0 e5 8. fxe5 dxe5 9. Nc3 h6 10. Nh4 Be6 11. a4 a5 12. Bd3 0-0-0 13. Bf5 Bxf5 14. Nxf5 g6 15. Ng3 Rh7 16. Qe2 Ng8 17. d4 f5 18. d5 Nb8 19. dxc6 bxc6 20. Qc4 Ne7 21. Rad1 Nd5 22. Nxd5 cxd5 23. Rxd5 Qxc4 24. bxc4 Rxd5 25. cxd5 Bc5 26. Bxe5 Bxe3+ 27. Kh1 Nd7 28. Bc3 Nb6 29. Rd1 Rb7 30. Bxa5 Nxd5 31. Nf1 Ba7 32. g3 Nc7 33. Rd6 Rb1 34. Kg2 Ra1 35. Rc6 Bb8 36. Bxc7 Bxc7 37. Ne3 Kb7 38. Rxg6 f4 39. Nd5 Bb8 40. Nxf4 Rxa4 41. Rxh6 Rc4 42. Kf3 Rxc2 43. h4 Rc4 44. Re6 Bxf4 45. gxf4 Kc7 46. Kg4 Kd7 47. Re5 Rc1 48. h5 Rg1+ 49. Kf5 Rh1 50. Kg6 Rg1+ 51. Kf6 Rh1 52. Kg7 1-0

[Event "Karvina op"]
[Site "Karvina"]
[Date "2015.06.29"]
[Round "3"]
[White "Walica, Roman"]
[Black "Olsar, Zdenek"]
[Result "1/2-1/2"]
[WhiteElo "1900"]
[BlackElo "1947"]
[PlyCount "66"]
[EventDate "2015.06.27"]
[EventType "swiss"]
[EventRounds "9"]
[EventCountry "CZE"]
[SourceTitle "CBM 167 Extra"]
[Source "ChessBase"]
[SourceDate "2015.09.14"]
[SourceVersion "1"]
[SourceVersionDate "2015.09.14"]
[SourceQuality "1"]

1. e4 c5 2. Nf3 d6 3. Bb5+ Bd7 4. Bxd7+ Qxd7 5. d4 cxd4 6. Nxd4 Nf6 7. f3 Nc6 8. c4 Nxd4 9. Qxd4 g6 10. Nc3 Bg7 11. Qd3 0-0 12. Be3 Rfc8 13. 0-0 Qc7 14. b3 a6 15. Rac1 Qa5 16. Bd4 e6 17. Kh1 Rc6 18. Rfd1 Rac8 19. Qd2 Qh5 20. Ne2 Bh6 21. Be3 Bxe3 22. Qxe3 Qa5 23. Nd4 R6c7 24. Qf4 Qe5 25. Qxe5 dxe5 26. Ne2 Kf8 27. Kg1 Ke7 28. Kf2 Nd7 29. Ke3 Nb8 30. g3 Nc6 31. Rd2 Na5 32. Rdd1 Nc6 33. Rd2 Na5 1/2-1/2

[Event "Orlova op-A 12th"]
[Site "Orlova"]
[Date "2015.05.27"]
[Round "4"]
[White "Walica, Roman"]
[Black "Grabarczyk, Miroslaw"]
[Result "1/2-1/2"]
[WhiteElo "1900"]
[BlackElo "2437"]
[PlyCount "77"]
[EventDate "2015.05.24"]
[EventType "swiss"]
[EventRounds "9"]
[EventCountry "CZE"]
[SourceTitle "CBM 166 Extra"]
[Source "ChessBase"]
[SourceDate "2015.06.18"]
[SourceVersion "1"]
[SourceVersionDate "2015.06.18"]
[SourceQuality "1"]

1. e4 e5 2. Nf3 Nc6 3. Bc4 Bc5 4. c3 Nf6 5. d4 exd4 6. cxd4 Bb4+ 7. Nc3 Nxe4 8. 0-0 Bxc3 9. d5 Bf6 10. Re1 Ne7 11. Rxe4 d6 12. Bg5 0-0 13. Bxf6 gxf6 14. Qd4 Ng6 15. Rae1 Bd7 16. h4 Ne5 17. R4e3 Re8 18. Nh2 Kh8 19. Bf1 c5 20. Qc3 b5 21. b3 c4 22. f4 Nd3 23. Rxe8+ Bxe8 24. Bxd3 cxd3 25. Ng4 d2 26. Qxd2 Bd7 27. Nf2 Kg7 28. Re3 Rc8 29. Qd4 Bf5 30. Rg3+ Kf8 31. Kh2 Rc1 32. Ne4 Bxe4 33. Qxe4 f5 34. Qxf5 Qxh4+ 35. Rh3 Qf2 36. Qf6 Qg1+ 37. Kg3 Qe1+ 38. Kh2 Qg1+ 39. Kg3 1/2-1/2

[Event "CZE-chT U20 Extraliga Ost 1415"]
[Site "Czech Republic"]
[Date "2015.01.24"]
[Round "7.3"]
[White "Krejca, Jakub"]
[Black "Walica, Roman"]
[Result "0-1"]
[WhiteElo "1887"]
[BlackElo "1868"]
[PlyCount "70"]
[EventDate "2014.10.11"]
[EventType "team-tourn"]
[EventRounds "11"]
[EventCountry "CZE"]
[SourceTitle "EXT 2021"]
[Source "ChessBase"]
[SourceDate "2020.10.23"]
[SourceVersion "1"]
[SourceVersionDate "2020.10.23"]
[SourceQuality "1"]
[WhiteTeam "Stare Mesto (U20)"]
[BlackTeam "Orlova Slavia (U20)"]
[WhiteTeamCountry "CZE"]
[BlackTeamCountry "CZE"]

1. e4 e5 2. Nf3 Nc6 3. Bc4 Bc5 4. c3 Nf6 5. d4 exd4 6. e5 d5 7. Bb5 Ne4 8. cxd4 Bb4+ 9. Bd2 Bxd2+ 10. Nbxd2 Nxd2 11. Qxd2 Bd7 12. Bxc6 Bxc6 13. 0-0 0-0 14. Rac1 Bd7 15. Rc3 c6 16. Re1 Qe7 17. h3 Rae8 18. Qe2 Bf5 19. Nd2 Rc8 20. Nb3 b6 21. Rec1 Bd7 22. f4 Rc7 23. Qe3 Rfc8 24. g4 a5 25. a4 g6 26. Kh2 Kh8 27. Qf2 c5 28. dxc5 Bxa4 29. c6 Bxb3 30. Rxb3 Rxc6 31. Rxc6 Rxc6 32. Rxb6 Qa7 33. e6 Qxb6 34. Qd2 Rxe6 35. f5 Qe3 0-1

[Event "CZE-chT U20 Extraliga Ost 1415"]
[Site "Czech Republic"]
[Date "2014.10.12"]
[Round "3.2"]
[White "Krajicek, Filip"]
[Black "Walica, Roman"]
[Result "1/2-1/2"]
[WhiteElo "1508"]
[BlackElo "1868"]
[PlyCount "113"]
[EventDate "2014.10.11"]
[EventType "team-tourn"]
[EventRounds "11"]
[EventCountry "CZE"]
[SourceTitle "EXT 2021"]
[Source "ChessBase"]
[SourceDate "2020.10.23"]
[SourceVersion "1"]
[SourceVersionDate "2020.10.23"]
[SourceQuality "1"]
[WhiteTeam "Brno Lokomotiva (U20) II"]
[BlackTeam "Orlova Slavia (U20)"]
[WhiteTeamCountry "CZE"]
[BlackTeamCountry "CZE"]

1. d4 Nf6 2. Nf3 d5 3. Bf4 e6 4. e3 c5 5. c3 Nc6 6. Bd3 Be7 7. 0-0 0-0 8. Nbd2 cxd4 9. exd4 Bd7 10. Qc2 Rc8 11. Qb1 a6 12. Re1 Re8 13. Ne5 Bf8 14. Re3 h6 15. Ndf3 Nxe5 16. Nxe5 Bb5 17. Bc2 Bd6 18. Bg3 Bxe5 19. Rxe5 Nd7 20. Re1 Nb6 21. Bb3 a5 22. Qc1 Qd7 23. Rb1 Bd3 24. Bc2 Bxc2 25. Qxc2 Nc4 26. a4 Rc6 27. Ra1 Rec8 28. Qe2 Rb6 29. Reb1 Rcc6 30. b3 Nd6 31. Bxd6 Qxd6 32. Qb2 Rc8 33. Re1 Qc6 34. Re3 Qc7 35. Rc1 Rc6 36. g3 Qb6 37. Rd1 Qa6 38. Rdd3 b5 39. axb5 Qxb5 40. Qa3 Rb6 41. b4 axb4 42. Qxb4 Qxb4 43. cxb4 Rxb4 44. Re2 Rcb8 45. Kg2 Kf8 46. Kf3 Rb3 47. Ree3 Rxd3 48. Rxd3 Rb4 49. Ke3 Ke7 50. Rc3 Kf6 51. Rd3 e5 52. dxe5+ Kxe5 53. f4+ Ke6 54. Ra3 Rb6 55. h3 Rc6 56. Rb3 Ra6 57. Rc3 1/2-1/2

[Event "Orlova op-A 11th"]
[Site "Orlova"]
[Date "2014.05.28"]
[Round "3"]
[White "Ocko, Dominik"]
[Black "Walica, Roman"]
[Result "0-1"]
[WhiteElo "1471"]
[BlackElo "1828"]
[PlyCount "98"]
[EventDate "2014.05.26"]
[EventType "swiss"]
[EventRounds "9"]
[EventCountry "CZE"]
[SourceTitle "CBM 160 Extra"]
[Source "ChessBase"]
[SourceDate "2014.07.01"]
[SourceVersion "1"]
[SourceVersionDate "2014.07.01"]
[SourceQuality "1"]

1. e4 e5 2. Nf3 Nc6 3. Bb5 a6 4. Ba4 Nf6 5. 0-0 Be7 6. Re1 b5 7. Bb3 d6 8. h3 0-0 9. c3 Na5 10. Bc2 c5 11. d4 cxd4 12. cxd4 Qc7 13. Bd3 Bd7 14. Nc3 Rfc8 15. a3 Nc6 16. Be3 Qb7 17. Nd5 Bd8 18. Rc1 h6 19. Qd2 exd4 20. Nxd4 Nxd4 21. Bxd4 Rxc1 22. Rxc1 Nxd5 23. exd5 Qxd5 24. Bf6 Bc6 25. Rxc6 Qxc6 26. Bc3 d5 27. Qe3 Bf6 28. Bd4 Re8 29. Qf4 Bg5 30. Qg4 Qc1+ 31. Kh2 Qf4+ 32. Qxf4 Bxf4+ 33. g3 Be5 34. Bxe5 Rxe5 35. b3 Kf8 36. Kg2 Ke7 37. a4 bxa4 38. bxa4 a5 39. Kf3 Kd6 40. g4 Kc5 41. Kf4 Kd4 42. Bb5 g5+ 43. Kf3 f6 44. Kg3 Re7 45. Kf3 Kc3 46. Be2 d4 47. Bd1 d3 48. Kg2 Re1 49. Bf3 d2 0-1